MaranGraphics' simplified computer guide (Record no. 122)
[ view plain ]
| 000 -LEADER | |
|---|---|
| fixed length control field | 00760cam a2200253 a 4500 |
| 001 - ACCESSION NUMBER | |
| control field | 37894 |
| 003 - CONTROL NUMBER IDENTIFIER | |
| control field | UkOxU |
| 005 - DATE AND TIME OF LATEST TRANSACTION | |
| control field | 20140909102046.0 |
| 008 - FIXED-LENGTH DATA ELEMENTS--GENERAL INFORMATION | |
| fixed length control field | 500101s1992 cn 000 0 eng d |
| 020 ## - INTERNATIONAL STANDARD BOOK NUMBER | |
| International Standard Book Number | 0130010170 |
| 035 ## - SYSTEM CONTROL NUMBER | |
| System control number | CURL 018987601994(Cam) from emcc9 |
| 040 ## - CATALOGING SOURCE | |
| Transcribing agency | |
| 082 ## - DEWEY DECIMAL CLASSIFICATION NUMBER | |
| Classification number | 005.1 |
| 092 ## - LOCALLY ASSIGNED DEWEY CALL NUMBER (OCLC) | |
| Classification number | D0501364432 |
| 100 1# - MAIN ENTRY--PERSONAL NAME | |
| Personal name | Maran, Ruth, |
| Dates associated with a name | 1970- |
| 245 10 - TITLE STATEMENT | |
| Title | MaranGraphics' simplified computer guide |
| Statement of responsibility, etc. | Ruth Maran |
| Remainder of title | Microsoft excel 4.0 for windows |
| 260 ## - PUBLICATION, DISTRIBUTION, ETC. (IMPRINT) | |
| Place of publication, distribution, etc. | Mississauga, Ont : |
| Name of publisher, distributor, etc. | maranGraphics, |
| Date of publication, distribution, etc. | 1992 |
| 300 ## - PHYSICAL DESCRIPTION | |
| Extent | 94 p ; |
| Dimensions | 28 cm |
| 490 0# - SERIES STATEMENT | |
| Series statement | maranGraphics simplified computer guide |
| 500 ## - GENERAL NOTE | |
| General note | includes index |
| 630 00 - SUBJECT ADDED ENTRY--UNIFORM TITLE | |
| Uniform title | Microsoft Excel (Computer file) |
| 942 ## - ADDED ENTRY ELEMENTS (KOHA) | |
| Source of classification or shelving scheme | Dewey Decimal Classification |
| Koha item type | Books |
| Withdrawn status | Lost status | Source of classification or shelving scheme | Damaged status | Not for loan | Home library | Current library | Date acquired | Total Checkouts | Full call number | Barcode | Date last seen | Price effective from | Koha item type |
|---|---|---|---|---|---|---|---|---|---|---|---|---|---|
| Dewey Decimal Classification | Not For Loan | Camp Road Library | Camp Road Library | 09/09/2014 | CR/005.1 MAR | 37894 | 09/09/2014 | 09/09/2014 | Books |